Jazz. Gli uomini, gli strumenti, gli stili 89 (Record n. 102310)

Dettagli MARC
000 -LEADER
fixed length control field 03308njm a2200469Ia 4500
001 - CONTROL NUMBER
control field 40495
003 - CONTROL NUMBER IDENTIFIER
control field IT-RoPAU
005 - DATE AND TIME OF LATEST TRANSACTION
control field 20220918181153.0
008 - FIXED-LENGTH DATA ELEMENTS--GENERAL INFORMATION
fixed length control field 131025s9999 xx 000 0 und d
040 ## - CATALOGING SOURCE
Original cataloging agency IT-RoPAU
040 ## - CATALOGING SOURCE
Transcribing agency IT-RoPAU
999 ## - SYSTEM CONTROL NUMBERS (KOHA)
Koha Dewey Subclass [OBSOLETE] n.d.
100 ## - MAIN ENTRY--PERSONAL NAME
Personal name AA.VV.
9 (RLIN) 794
100 ## - MAIN ENTRY--PERSONAL NAME
Relator term Autore musica
9 (RLIN) 21966
100 ## - MAIN ENTRY--PERSONAL NAME
Miscellaneous information Codice autore musica SPICS: 12000
9 (RLIN) 796
245 ## - TITLE STATEMENT
Title Jazz. Gli uomini, gli strumenti, gli stili 89
250 ## - EDITION STATEMENT
Edition statement 2a ed.
260 ## - PUBLICATION, DISTRIBUTION, ETC. (IMPRINT)
Place of publication, distribution, etc. MILANO
260 ## - PUBLICATION, DISTRIBUTION, ETC. (IMPRINT)
Name of publisher, distributor, etc. FRATELLI FABBRI EDITORI
Date of publication, distribution, etc. 1987 [1a Ed.:1959 - Ed. Lingua Orig.: 1959]
300 ## - PHYSICAL DESCRIPTION
Extent MUSICASSETTA
300 ## - PHYSICAL DESCRIPTION
Dimensions 46 minuti (Testo: pag.)
500 ## - GENERAL NOTE
General note Musica jazz.
505 ## - FORMATTED CONTENTS NOTE
Formatted contents note Stormy Monday Blues [(22 e 23 maggio 1959) (4:00)] - Lonesome Lover Blues [(22 e 23 maggio 1959) (4:00)] - Blues the Mother of Sin [(22 e 23 maggio 1959) (4:00)] - Jelly Jelly [(22 e 23 maggio 1959) (4:00)] - Don't Cry Baby [(22 e 23 maggio 1959) (4:00)] - Trav'lin' All Alone [(22 e 23 maggio 1959) (3:00)] - Mr. Piano Man [(22 e 23 maggio 1959) (5:00)] - Little Mama [(22 e 23 maggio 1959) (4:00)] - I Want A Little Girl [(22 e 23 maggio 1959) (4:00)] - Drifting [(22 e 23 maggio 1959) (5:00)] - Song of the Wonderer [(22 e 23 maggio 1959) (4:00)]
511 ## - PARTICIPANT OR PERFORMER NOTE
Participant or performer note Culley Wendell: tr; Jones Thad: tr; Young Snooky: tr; Newman Joe: tr; Coker Henry: tbne; Grey Al: tbne; Powell Benny: tbne; Royal Marshall: sax; Wess Frank: sax; Foster Frank: sax; Mitchell Billy: sax; Fowlkes Frank: sax; Basie Count: p; Green Freddie: chit; Jones Eddie: cb; Payne Sonny: batt; Eckstine Billy: voc; Billy Eckstine with Count Basie and His Orchestra
650 ## - SUBJECT ADDED ENTRY--TOPICAL TERM
Topical term or geographic name as entry element JAZZ [CASSETTE]
Relator term Codice MATERIA SPICS: 9951
9 (RLIN) 1831
700 ## - ADDED ENTRY--PERSONAL NAME
Personal name Eckstine William Clarence (Billy)
Miscellaneous information Codice interprete SPICS: 18182
Relator term Interprete
9 (RLIN) 21967
700 ## - ADDED ENTRY--PERSONAL NAME
Personal name Croder
Miscellaneous information Codice autore musica SPICS: 22483
Relator term Autore musica
Name of part/section of a work Stormy Monday Blues
9 (RLIN) 21968
700 ## - ADDED ENTRY--PERSONAL NAME
Personal name Hines Earl
Miscellaneous information Codice autore SPICS: 16156
Relator term Autore
Name of part/section of a work Stormy Monday Blues - Jelly Jelly
9 (RLIN) 21969
700 ## - ADDED ENTRY--PERSONAL NAME
Personal name Eckstine William Clarence (Billy)
Miscellaneous information Codice autore musica SPICS: 18182
Relator term Autore musica
Name of part/section of a work Lonesome Lover Blues - Blues the Mother of Sin - Jelly Jelly - Mr. Piano Man - Little Mama
9 (RLIN) 21970
700 ## - ADDED ENTRY--PERSONAL NAME
Personal name Kuller
Miscellaneous information Codice autore musica SPICS: 22484
Relator term Autore musica
Name of part/section of a work Blues the Mother of Sin - Mr. Piano Man - Little Mama
9 (RLIN) 21971
700 ## - ADDED ENTRY--PERSONAL NAME
Personal name Johnson
Miscellaneous information Codice autore musica SPICS: 20146
Relator term Autore musica
Name of part/section of a work Don't Cry Baby - Trav'lin' All Alone
9 (RLIN) 21972
700 ## - ADDED ENTRY--PERSONAL NAME
Personal name Unger
Miscellaneous information Codice autore SPICS: 22485
Relator term Autore
Name of part/section of a work Don't Cry Baby
9 (RLIN) 21973
700 ## - ADDED ENTRY--PERSONAL NAME
Personal name Bernie Green
Miscellaneous information Codice autore testo/musica SPICS: 20241
Relator term Autore testo/musica
Name of part/section of a work Don't Cry Baby
9 (RLIN) 21974
700 ## - ADDED ENTRY--PERSONAL NAME
Personal name Mancher
Miscellaneous information Codice autore musica SPICS: 22486
Relator term Autore musica
Name of part/section of a work I Want A Little Girl
9 (RLIN) 21975
700 ## - ADDED ENTRY--PERSONAL NAME
Personal name Moll
Miscellaneous information Codice autore SPICS: 20288
Relator term Autore
Name of part/section of a work I Want A Little Girl
9 (RLIN) 21976
700 ## - ADDED ENTRY--PERSONAL NAME
Personal name Brown
Miscellaneous information Codice autore musica SPICS: 20445
Relator term Autore musica
Name of part/section of a work Drifting
9 (RLIN) 21977
700 ## - ADDED ENTRY--PERSONAL NAME
Personal name Moore Phil
Miscellaneous information Codice autore SPICS: 22487
Relator term Autore
Name of part/section of a work Drifting
9 (RLIN) 21978
700 ## - ADDED ENTRY--PERSONAL NAME
Personal name Williams
Miscellaneous information Codice autore testo/musica SPICS: 20150
Relator term Autore testo/musica
Name of part/section of a work Drifting
9 (RLIN) 21979
700 ## - ADDED ENTRY--PERSONAL NAME
Personal name Richard
Miscellaneous information Codice autore musica SPICS: 18130
Relator term Autore musica
Name of part/section of a work Song of the Wonderer
9 (RLIN) 21980
700 ## - ADDED ENTRY--PERSONAL NAME
Personal name Howard
Miscellaneous information Codice autore SPICS: 22488
Relator term Autore
Name of part/section of a work Song of the Wonderer
9 (RLIN) 21981
942 ## - ADDED ENTRY ELEMENTS (KOHA)
Koha item type MUSICASSETTE
Source of classification or shelving scheme Dewey Decimal Classification
Dati di copia
Withdrawn status Lost status Damaged status Not for loan Home library Current library Date acquired Total Checkouts Full call number Date last seen Price effective from Koha item type Public note
    Buone Condizioni Not For Loan SPICS-MEDIATECA SPICS-MEDIATECA 25/10/2013   40495 25/10/2013 25/10/2013 MUSICASSETTE Progr. Ins.: 14291 / N.Vol.: 1 / Copie: 1 - Copia rara: n.d. / date import: 01.01.2014 - By Epidotti, Trombetti, Vaglietti
CREDITS: SOCIETA' SAN PAOLO Via A.Severo, 58 - ROMA (RM) & PERIODICI SAN PAOLO SRL Via Giotto, 36 MILANO & CISF Via Giotto, 36 MILANO & EDIZIONI SAN PAOLO SRL,  Piazza Soncino, 5 CINISELLO BALSAMO (MI) -- ITALY